00361nam a2200145Ia 45000030006000000080041000060400015000471000045000622450037001072500006001442600030001503000006001805460012001860050017001980STCL150530s9999 xx 000 0 und d aSTCLcSTCL aJogdand, P.G.;Bansode, P.P.;Meshram, N.G aGlobalisation and Social Justice a1 bRawat; Delhic2008aDelhi a0 aEnglish20220125165529.0